[Event "Lliga Catalana DH"]
[Site "?"]
[Date "2015.02.21"]
[Round "5.4"]
[White "Almeida Toledano, D."]
[Black "Fernandez Perez, D."]
[Result "0-1"]
[WhiteElo "2357"]
[BlackElo "2335"]
[PlyCount "114"]
[EventDate "2015.??.??"]
[EventType "team"]

1. e4 c6 2. d4 d5 3. e5 Bf5 4. Nf3 e6 5. Be2 Ne7 6. O-O c5 7. Be3 cxd4 8. Nxd4
Nbc6 9. f4 Nxd4 10. Bxd4 Nc6 11. Bf2 g5 12. fxg5 Qxg5 13. Nd2 Rg8 14. g3 Bg4
15. Re1 Bb4 16. c3 Ba5 17. Bxg4 Qxg4 18. Qxg4 Rxg4 19. Nf3 O-O-O 20. Re2 Bc7
21. Rd1 Rdg8 22. Kf1 R8g6 23. Rde1 b5 24. Nd4 Nxd4 25. Bxd4 a6 26. Rf2 Rg7 27.
Kg2 Kd7 28. Re3 h5 29. Kh3 Ke8 30. Rf6 R7g6 31. Rxg6 fxg6 32. Kg2 Rg5 33. Kf3
Rf5+ 34. Ke2 g5 35. Kd3 Rf2 36. Re2 Rxe2 37. Kxe2 g4 38. b3 Kf7 39. Kd3 Kg6 40.
c4 bxc4+ 41. bxc4 dxc4+ 42. Kxc4 Kf5 43. a4 Bxe5 44. Bb6 Ke4 45. Kb4 Bd4 46.
Ka5 Bxb6+ 47. Kxb6 Kd5 48. Kxa6 Kc6 49. Ka5 Kc5 50. Ka6 e5 51. a5 e4 52. Kb7 e3
53. a6 e2 54. a7 e1=Q 55. a8=Q Qe4+ 56. Ka7 Qxa8+ 57. Kxa8 Kd4 0-1

[Event "Lliga Catalana DH"]
[Site "?"]
[Date "2015.02.21"]
[Round "5.5"]
[White "Pinsach Gelabert, A."]
[Black "Garrido Fernandez, D."]
[Result "1/2-1/2"]
[WhiteElo "2314"]
[BlackElo "2326"]
[PlyCount "104"]
[EventDate "2015.??.??"]
[EventType "team"]

1. e4 c5 2. Nf3 Nc6 3. d4 cxd4 4. Nxd4 g6 5. Nc3 Bg7 6. Be3 Nf6 7. Bc4 Qa5 8.
O-O O-O 9. Bb3 d6 10. f3 Bd7 11. Qd2 Nxd4 12. Bxd4 Bc6 13. Rad1 Rfe8 14. Rfe1
Nd7 15. Bxg7 Kxg7 16. Qd4+ Kg8 17. Nd5 Rac8 18. f4 Qc5 19. c3 a5 20. e5 dxe5
21. Qxc5 Nxc5 22. Rxe5 Nxb3 23. axb3 Kf8 24. Nb6 Rcd8 25. Rd4 Rxd4 26. cxd4 e6
27. Rxa5 Rd8 28. Ra8 Rxa8 29. Nxa8 Ke7 30. Kf2 Bd5 31. b4 Kd6 32. b5 Bc4 33. b6
Kc6 34. Ke3 Bd5 35. g4 h5 36. g5 Bg2 37. Kd3 Bd5 38. Nc7 Kxb6 39. Ne8 Kc6 40.
Nf6 Bg2 41. Ng8 Kd6 42. Nh6 Ke7 43. Kc4 Kf8 44. Kc5 Bf3 45. Kd6 Bg2 46. b4 Bf3
47. b5 Be2 48. b6 Bf3 49. Ke5 Kg7 50. Kd6 Kf8 51. Ke5 Kg7 52. Kd6 Kf8 1/2-1/2

[Event "Lliga Catalana DH"]
[Site "?"]
[Date "2015.02.21"]
[Round "5.6"]
[White "Llaneza Vega, P."]
[Black "Pijuan Herranz, M."]
[Result "1/2-1/2"]
[WhiteElo "2296"]
[BlackElo "2302"]
[PlyCount "71"]
[EventDate "2015.??.??"]
[EventType "team"]

1. e4 e5 2. Nc3 Nf6 3. g3 Nc6 4. Bg2 Bc5 5. Nge2 a6 6. O-O d6 7. d3 Be6 8. Nd5
Qd7 9. c3 Ne7 10. d4 Ba7 11. c4 Nexd5 12. exd5 Bh3 13. Qb3 Bxg2 14. Kxg2 exd4
15. Qxb7 O-O 16. Qb3 Ng4 17. Nf4 Ne5 18. Nd3 Rab8 19. Nxe5 dxe5 20. Qf3 f5 21.
b3 e4 22. Qf4 c6 23. Ba3 c5 24. Rfe1 Rbe8 25. b4 Qa4 26. Qc7 Qxa3 27. Qxa7 Qf3+
28. Kg1 f4 29. Qxc5 fxg3 30. fxg3 Qf2+ 31. Kh1 Rc8 32. Qe7 Qf3+ 33. Kg1 Rce8
34. Qc5 Qf2+ 35. Kh1 Qf3+ 36. Kg1 1/2-1/2

[Event "Lliga Catalana DH"]
[Site "?"]
[Date "2015.02.21"]
[Round "5.7"]
[White "Serra Pages, J."]
[Black "De la Riva Aguado, J."]
[Result "1/2-1/2"]
[WhiteElo "2291"]
[BlackElo "2306"]
[PlyCount "65"]
[EventDate "2015.??.??"]
[EventType "team"]

1. d4 Nf6 2. c4 e6 3. Nf3 Bb4+ 4. Nbd2 b6 5. a3 Bxd2+ 6. Qxd2 Bb7 7. b4 O-O 8.
Bb2 Ne4 9. Qc2 d6 10. g3 Ng5 11. Bg2 Nxf3+ 12. Bxf3 Bxf3 13. exf3 Qf6 14. f4
Nd7 15. O-O Rac8 16. Qa4 Nb8 17. b5 Qf5 18. Rac1 Nd7 19. Qxa7 Nf6 20. Qa4 h5
21. Qc2 Qh3 22. f3 d5 23. c5 Ra8 24. Rf2 Ra5 25. cxb6 cxb6 26. Qc6 Rb8 27. Qc7
Raa8 28. Rc6 h4 29. g4 Nxg4 30. fxg4 Qxg4+ 31. Kf1 Qd1+ 32. Kg2 Qg4+ 33. Kf1
1/2-1/2

[Event "Lliga Catalana DH"]
[Site "?"]
[Date "2015.02.21"]
[Round "5.8"]
[White "Lopez Santana, O."]
[Black "Casanellas Ruano, L."]
[Result "1-0"]
[WhiteElo "2252"]
[BlackElo "2272"]
[PlyCount "121"]
[EventDate "2015.??.??"]
[EventType "team"]

1. e4 c6 2. Ne2 d5 3. e5 c5 4. d4 Nc6 5. c3 Bf5 6. f4 e6 7. Be3 Qb6 8. dxc5
Bxc5 9. Bxc5 Qxc5 10. Nd2 Nge7 11. Nb3 Qb6 12. Ned4 O-O 13. Bd3 Bxd3 14. Qxd3
Nxd4 15. Qxd4 Qa6 16. Qd2 Rfc8 17. Nd4 Nc6 18. Nxc6 Rxc6 19. Qe2 Rc4 20. O-O
Rac8 21. a3 Qb6+ 22. Qf2 Rxf4 23. Qxb6 Rxf1+ 24. Rxf1 axb6 25. Rf4 Rc6 26. Kf2
g6 27. g4 h6 28. h4 g5 29. hxg5 hxg5 30. Rb4 f6 31. exf6 Kf7 32. Ke3 Kxf6 33.
Kd4 Rc4+ 34. Rxc4 dxc4 35. a4 e5+ 36. Kd5 e4 37. Kxe4 Ke6 38. Kd4 Kd6 39. Kxc4
Ke5 40. Kb5 Kf4 41. Kxb6 Kxg4 42. Kxb7 Kf4 43. a5 g4 44. a6 g3 45. a7 g2 46.
a8=Q g1=Q 47. Qa4+ Ke5 48. Qb5+ Ke4 49. Qc4+ Ke5 50. b4 Qg2+ 51. Qc6 Qb2 52. b5
Qb3 53. c4 Kd4 54. b6 Qb4 55. c5 Ke3 56. Qe6+ Kf2 57. c6 Qf8 58. c7 Qf3+ 59.
Qc6 Qf7 60. Ka8 Qa2+ 61. Kb8 1-0

[Event "Lliga Catalana DH"]
[Site "?"]
[Date "2015.02.21"]
[Round "5.9"]
[White "Colls Gelaberto, E."]
[Black "Masip Tresserra, O."]
[Result "1-0"]
[WhiteElo "2238"]
[BlackElo "2226"]
[PlyCount "83"]
[EventDate "2015.??.??"]
[EventType "team"]

1. Nf3 Nf6 2. c4 g6 3. Nc3 Bg7 4. e4 d6 5. d4 O-O 6. h3 e5 7. dxe5 dxe5 8. Qxd8
Rxd8 9. Bg5 c6 10. Nxe5 Re8 11. O-O-O Na6 12. Rd6 Nxe4 13. Nxe4 Bxe5 14. Nf6+
Bxf6 15. Bxf6 Bf5 16. f3 Re6 17. Rxe6 Bxe6 18. Be2 Nc5 19. Rd1 Nd7 20. Bc3 a5
21. b3 a4 22. Kb2 a3+ 23. Kc1 Kf8 24. Kd2 Ke7 25. Ke3 c5 26. Be1 f6 27. f4 Rb8
28. Bg3 Rd8 29. Bh4 Re8 30. Bf3 Kf7 31. Kf2 b6 32. Bc6 Re7 33. Rd6 h6 34. g4 g5
35. Bg3 h5 36. f5 Bxf5 37. gxf5 Ne5 38. Bd5+ Kg7 39. Be6 Nf7 40. Bxf7 Kxf7 41.
Rxb6 h4 42. Bd6 1-0

[Event "Lliga Catalana DH"]
[Site "?"]
[Date "2015.02.21"]
[Round "5.10"]
[White "Lluis Alavedra, A."]
[Black "Fernandez Garcia, F."]
[Result "0-1"]
[WhiteElo "2201"]
[BlackElo "2238"]
[PlyCount "92"]
[EventDate "2015.??.??"]
[EventType "team"]

1. e4 c5 2. Nf3 g6 3. d4 cxd4 4. Nxd4 Bg7 5. Nc3 Nc6 6. Nde2 Nf6 7. g3 d6 8.
Bg2 O-O 9. O-O Bd7 10. h3 Rc8 11. a4 Ne8 12. Nd5 e6 13. Ne3 Ne5 14. Ra2 Nc4 15.
b3 Nxe3 16. Bxe3 a6 17. c4 Bc6 18. Bd4 Qc7 19. Bxg7 Nxg7 20. Nd4 e5 21. Nxc6
Qxc6 22. Rd2 Rcd8 23. f4 Ne6 24. f5 Nd4 25. f6 Qb6 26. a5 Qxb3 27. Qg4 Qe3+ 28.
Rff2 h5 29. Qh4 Ne6 30. g4 hxg4 31. hxg4 Qg5 32. Qxg5 Nxg5 33. Rd5 Ne6 34. Rb2
Rd7 35. Bf1 Ng5 36. Bd3 Rc8 37. Rb6 Rc6 38. c5 Rxb6 39. axb6 Nh7 40. g5 Nxg5
41. Bxa6 Nxe4 42. Bb5 Nxf6 43. Bxd7 Nxd5 44. c6 Nxb6 45. c7 Kf8 46. Kf2 Ke7 0-1

[Event "Lliga Catalana DH"]
[Site "?"]
[Date "2015.02.21"]
[Round "5.2"]
[White "Fluvia Poyatos, Joan"]
[Black "Canal Oliveras, J."]
[Result "1-0"]
[WhiteElo "2551"]
[BlackElo "2339"]
[PlyCount "109"]
[EventDate "2015.??.??"]
[EventType "team"]

1. e4 e5 2. Nf3 d6 3. d4 Nd7 4. Bc4 c6 5. Nc3 Be7 6. dxe5 dxe5 7. Ng5 Bxg5 8.
Qh5 Qe7 9. Qxg5 Qxg5 10. Bxg5 Ngf6 11. f3 b5 12. Be2 a5 13. a4 b4 14. Nb1 Nc5
15. Nd2 Be6 16. Be3 Nfd7 17. Bc4 Ke7 18. Bxe6 Kxe6 19. Nc4 b3 20. c3 Rhd8 21.
Ke2 Nb7 22. Rhd1 Ndc5 23. Rxd8 Rxd8 24. Ra3 g6 25. Bxc5 Nxc5 26. Nxa5 Ra8 27.
Nxb3 Nxb3 28. Rxb3 Rxa4 29. Rb6 Kd6 30. Rb7 Ra2 31. Kd3 c5 32. g4 h5 33. h4 Kc6
34. Rxf7 Rxb2 35. Rf6+ Kb5 36. c4+ Ka4 37. Rxg6 Rb3+ 38. Ke2 Rb2+ 39. Ke3 Rb3+
40. Kf2 hxg4 41. Rxg4 Kb4 42. h5 Kxc4 43. h6 Rb7 44. Rh4 Rh7 45. Ke3 Kb3 46.
Rh5 c4 47. Rxe5 Rxh6 48. Rb5+ Kc2 49. Rc5 c3 50. e5 Kb2 51. Kd3 Rh3 52. Rb5+
Kc1 53. Kxc3 Rxf3+ 54. Kd4 Rf4+ 55. Kd5 1-0

[Event "Lliga Catalana DH"]
[Site "?"]
[Date "2015.02.21"]
[Round "5.3"]
[White "Dalo, H."]
[Black "Panelo Muñoz, MA."]
[Result "1-0"]
[WhiteElo "2312"]
[BlackElo "2457"]
[PlyCount "97"]
[EventDate "2015.??.??"]
[EventType "team"]

1. d4 Nf6 2. Nf3 c5 3. e3 e6 4. Bd3 b6 5. O-O Bb7 6. Nbd2 Be7 7. b3 O-O 8. Bb2
Nc6 9. a3 Rc8 10. c4 cxd4 11. exd4 d5 12. Re1 Re8 13. Rc1 Bf8 14. c5 a5 15. Bb5
Nd7 16. cxb6 Qxb6 17. Bd3 g6 18. Nf1 Bg7 19. Be2 Ba6 20. Ng3 Bh6 21. Rb1 Qc7
22. Bc1 Bg7 23. Bd3 Bxd3 24. Qxd3 Qb6 25. Be3 Bf8 26. Bc1 Na7 27. Ne2 Rc7 28.
Bf4 Rc6 29. a4 Rcc8 30. Rec1 Nb8 31. Qe3 Nbc6 32. Bh6 Bd6 33. h4 Qa6 34. Nf4
Nb4 35. Nh5 Rxc1+ 36. Rxc1 Rc8 37. Nf6+ Kh8 38. Rxc8+ Qxc8 39. Ng5 Qc7 40. Ne8
Bh2+ 41. Kh1 Qf4 42. g3 Qf5 43. Kxh2 Nac6 44. Nd6 Qf6 45. Ngxf7+ Kg8 46. Bg5
Qxd4 47. Nh6+ Kg7 48. Ne8+ Kf8 49. Qf3+ 1-0

[Event "Lliga Catalana DH"]
[Site "?"]
[Date "2015.02.21"]
[Round "5.5"]
[White "Ballesteros Collazos, S."]
[Black "Oms Fuentes, L."]
[Result "0-1"]
[WhiteElo "2309"]
[BlackElo "2378"]
[PlyCount "96"]
[EventDate "2015.??.??"]
[EventType "team"]

1. e4 c5 2. Nc3 Nc6 3. Bb5 g6 4. Bxc6 dxc6 5. d3 Bg7 6. Be3 b6 7. Qd2 Nf6 8.
Bh6 Bxh6 9. Qxh6 Qd4 10. h3 Be6 11. Nf3 Qb4 12. O-O-O O-O-O 13. Ng5 Qd4 14.
Nxe6 fxe6 15. Qh4 g5 16. Qg3 Rhg8 17. Ne2 Qd7 18. Qe3 e5 19. g3 g4 20. h4 Qe6
21. Kb1 Rdf8 22. Rd2 Nh5 23. Nc3 Rf3 24. Qe1 Rgf8 25. Nd1 Qh6 26. Re2 Ng7 27.
Qd2 Qf6 28. Rhe1 h5 29. Re3 Rxe3 30. Qxe3 Ne6 31. c3 Nc7 32. Re2 Nb5 33. Qd2
Nd6 34. Ne3 Qf3 35. Qc2 b5 36. Nd1 Qh1 37. Qd2 c4 38. Re1 Qf3 39. Re3 Qg2 40.
Qe2 cxd3 41. Qxd3 Qg1 42. Re2 Nc4 43. Qc2 Rd8 44. Kc1 Qf1 45. a4 a6 46. axb5
axb5 47. f3 gxf3 48. Rf2 Rxd1+ 0-1

[Event "Lliga Catalana DH"]
[Site "?"]
[Date "2015.02.21"]
[Round "5.6"]
[White "Raineri de Luca, P."]
[Black "Martin Grillo, R."]
[Result "0-1"]
[WhiteElo "2374"]
[BlackElo "2303"]
[PlyCount "52"]
[EventDate "2015.??.??"]
[EventType "team"]

1. Nf3 d5 2. c4 d4 3. b4 Bg4 4. Ne5 Bf5 5. g4 Be4 6. Rg1 Qd6 7. Nd3 Bxd3 8.
exd3 Qxh2 9. Rg3 e6 10. Qf3 c6 11. Qf4 Bxb4 12. Qxd4 Be7 13. g5 h6 14. Rh3 Qg1
15. Qxg7 Qxg5 16. Qxh8 Bf6 17. Qh7 Bxa1 18. Rg3 Qe5+ 19. Be2 Ne7 20. Ba3 c5 21.
Qxh6 Nd7 22. f4 Qf6 23. Qxf6 Bxf6 24. Nc3 Bh4 25. Kf2 Nf5 26. Ne4 O-O-O 0-1

[Event "Lliga Catalana DH"]
[Site "?"]
[Date "2015.02.21"]
[Round "5.7"]
[White "Juan Bartroli, P."]
[Black "Iglesias Romero, J."]
[Result "1-0"]
[WhiteElo "2288"]
[BlackElo "2365"]
[PlyCount "106"]
[EventDate "2015.??.??"]
[EventType "team"]

1. d4 Nf6 2. c4 g6 3. Nc3 Bg7 4. e4 d6 5. Be2 O-O 6. Bg5 c6 7. Qd2 e5 8. d5 Na6
9. f3 Qb6 10. g4 cxd5 11. cxd5 Bd7 12. Nh3 h5 13. Nf2 hxg4 14. fxg4 Nh7 15. Be3
Qa5 16. h4 b5 17. h5 b4 18. Ncd1 Nc5 19. Bh6 Bf6 20. Ne3 Bb5 21. Bxf8 Nxf8 22.
Bxb5 Qxb5 23. Qe2 Qa4 24. Nc4 Nb3 25. Qc2 Nc5 26. Qxa4 Nxa4 27. Nd3 Nd7 28. O-O
Be7 29. Nxb4 Nac5 30. Nc6 Bf8 31. Rae1 gxh5 32. gxh5 Nd3 33. Re3 Nf4 34. Kf2
Nf6 35. Kf3 Nh7 36. Rg1+ Kh8 37. Ra3 Nh3 38. Rg3 N3g5+ 39. Ke3 Bh6 40. Kd3 f5
41. exf5 e4+ 42. Ke2 Rf8 43. Nxd6 Rf6 44. Nc4 Rxf5 45. Ne3 Rf3 46. Ng4 Bf8 47.
Rgxf3 exf3+ 48. Rxf3 Nxf3 49. Kxf3 Bc5 50. b4 Bd6 51. b5 Ng5+ 52. Ke3 Nf7 53.
Ke4 Ba3 1-0

[Event "Lliga Catalana DH"]
[Site "?"]
[Date "2015.02.21"]
[Round "5.8"]
[White "Gutierrez Clares, J."]
[Black "Serrano Aspa, X."]
[Result "1-0"]
[WhiteElo "2328"]
[BlackElo "2262"]
[PlyCount "100"]
[EventDate "2015.??.??"]
[EventType "team"]

1. d4 f5 2. Bg5 Nf6 3. Bxf6 exf6 4. e3 d5 5. c4 c6 6. Nc3 Be6 7. Qb3 Qd7 8.
cxd5 Bxd5 9. Nxd5 cxd5 10. Bb5 Nc6 11. Rc1 Bb4+ 12. Kf1 Be7 13. Ne2 O-O 14. Nf4
Rfd8 15. Nxd5 Kh8 16. Bxc6 bxc6 17. Nxe7 Qxe7 18. Rxc6 Rab8 19. Qe6 Qxe6 20.
Rxe6 Rxb2 21. g3 Rxa2 22. Kg2 h6 23. Rc6 Rb8 24. Rc5 Rbb2 25. Rxf5 Re2 26. Rc1
Rxe3 27. Rc8+ Kh7 28. Rc7 Kg6 29. Rf4 Ree2 30. g4 Red2 31. h4 Ra4 32. Rd7 a5
33. Kg3 Ra3+ 34. f3 Rad3 35. h5+ Kh7 36. Re4 a4 37. Ree7 Rxd4 38. Rxg7+ Kh8 39.
Rh7+ Kg8 40. Rdg7+ Kf8 41. Ra7 Kg8 42. Rxh6 Rd7 43. Rg6+ Kf7 44. Rxa4 R2d5 45.
Rf4 R7d6 46. g5 Ke8 47. gxf6 Rd7 48. Rg8+ Kf7 49. Rg7+ Kf8 50. h6 Rh5 1-0

[Event "Lliga Catalana DH"]
[Site "?"]
[Date "2015.02.21"]
[Round "5.9"]
[White "Saez Coma, A."]
[Black "Fernandez Madrid, C."]
[Result "0-1"]
[WhiteElo "2192"]
[BlackElo "2270"]
[PlyCount "134"]
[EventDate "2015.??.??"]
[EventType "team"]

1. d4 d6 2. Nf3 Bg4 3. e4 Nd7 4. Be3 e6 5. Be2 Be7 6. h3 Bxf3 7. Bxf3 c6 8. c3
Ngf6 9. O-O O-O 10. Nd2 h6 11. g3 e5 12. Bg2 Qc7 13. Qc2 Rac8 14. Nf3 Rfe8 15.
Nh4 exd4 16. Bxd4 Bf8 17. Nf5 g6 18. Ne3 c5 19. Bxf6 Nxf6 20. Rad1 b5 21. Nd5
Nxd5 22. Rxd5 b4 23. f4 bxc3 24. bxc3 Rb8 25. f5 Re5 26. fxg6 fxg6 27. Rd2 c4
28. Kh2 Bg7 29. Rdf2 Rf8 30. Rxf8+ Bxf8 31. Qd1 Bg7 32. Qg4 Kh7 33. h4 h5 34.
Qh3 Re7 35. g4 Qc5 36. gxh5 Qxh5 37. Bf3 Qe5+ 38. Kh1 Rf7 39. Qg4 Rf4 40. Qg5
Qxg5 41. hxg5 Bxc3 42. Kg2 Be5 43. Rb1 Rf7 44. Be2 c3 45. Bd3 Bf4 46. Rh1+ Kg8
47. e5 dxe5 48. Rh6 Rb7 49. Rxg6+ Kf8 50. Rc6 Rb2+ 51. Kf3 Bxg5 52. Rxc3 Rxa2
53. Ke4 Ke7 54. Rc7+ Kd6 55. Rc8 Ra4+ 56. Bc4 Ra3 57. Bd3 a5 58. Rg8 Ra4+ 59.
Kf3 Bf4 60. Ke2 Ra2+ 61. Kf3 Ra1 62. Rc8 a4 63. Be4 Re1 64. Rc6+ Kd7 65. Rc3
Ra1 66. Bd3 a3 67. Rc2 Kd6 0-1

[Event "Lliga Catalana DH"]
[Site "?"]
[Date "2015.02.21"]
[Round "5.10"]
[White "Gardela Batlle, J."]
[Black "Morcillo Ferran, J."]
[Result "1-0"]
[WhiteElo "2250"]
[BlackElo "2225"]
[PlyCount "101"]
[EventDate "2015.??.??"]
[EventType "team"]

1. Nf3 Nf6 2. c4 b6 3. Nc3 c5 4. e3 e6 5. Be2 Be7 6. d4 Bb7 7. dxc5 Bxc5 8. O-O
O-O 9. a3 d5 10. b4 Be7 11. Bb2 dxc4 12. Bxc4 Qxd1 13. Rfxd1 Nc6 14. e4 Rfd8
15. e5 Ne8 16. Bd3 Rac8 17. Be4 Rxd1+ 18. Rxd1 Rd8 19. Rc1 f5 20. Bb1 h6 21.
Ba2 Kf7 22. Rd1 Rxd1+ 23. Nxd1 Nc7 24. Ne3 g6 25. h3 a5 26. bxa5 Nxa5 27. Nd4
f4 28. Nf1 Bd5 29. Bxd5 Nxd5 30. Nd2 Bc5 31. Kf1 Ne7 32. N4b3 Nec6 33. Nxc5
bxc5 34. Ke2 Ke7 35. Bc3 Kd7 36. Kf3 Nb7 37. Kxf4 Ne7 38. Ke4 Nd5 39. Nb1 Kc6
40. Bd2 h5 41. Nc3 Nxc3+ 42. Bxc3 Kb5 43. Kf4 Kc4 44. Be1 Kb3 45. Kg5 c4 46.
Kxg6 Nc5 47. Kxh5 Nd3 48. Bd2 Nxf2 49. g4 Kxa3 50. g5 Nd3 51. g6 1-0

[Event "Lliga Catalana DH"]
[Site "?"]
[Date "2015.02.21"]
[Round "5.1"]
[White "Movsziszian, K."]
[Black "Magem Badals, J."]
[Result "1/2-1/2"]
[WhiteElo "2513"]
[BlackElo "2590"]
[PlyCount "77"]
[EventDate "2015.??.??"]
[EventType "team"]

1. g3 d5 2. Bg2 g6 3. Nf3 Bg7 4. O-O e5 5. d3 Nc6 6. e4 dxe4 7. dxe4 Qxd1 8.
Rxd1 Bg4 9. c3 Nf6 10. h3 Be6 11. Ng5 Bd7 12. Nd2 h6 13. Ngf3 O-O-O 14. b4 Be6
15. Bb2 Nd7 16. a4 a5 17. b5 Ncb8 18. c4 f6 19. Nh4 Bf7 20. f4 Nc5 21. fxe5
fxe5 22. Rf1 Be8 23. Bc3 b6 24. Nhf3 Rd3 25. Rfc1 Rf8 26. Bb2 g5 27. Rc3 Rd6
28. Nb3 Nbd7 29. Nxc5 Nxc5 30. Re3 Bg6 31. Ba3 Rfd8 32. Bxc5 bxc5 33. Kf2 Rd1
34. Rxd1 Rxd1 35. Re1 Rd3 36. Re3 Rd1 37. Re1 Rd3 38. Re3 Rd1 39. Re1 1/2-1/2

[Event "Lliga Catalana DH"]
[Site "?"]
[Date "2015.02.21"]
[Round "5.2"]
[White "Lopez Martinez, JM."]
[Black "Gonzalez Perez, A."]
[Result "1-0"]
[WhiteElo "2571"]
[BlackElo "2529"]
[PlyCount "122"]
[EventDate "2015.??.??"]
[EventType "team"]

1. d4 d5 2. c4 c6 3. Nf3 Nf6 4. e3 Bf5 5. Nc3 e6 6. Nh4 Be4 7. f3 Bg6 8. Qb3
Qc7 9. Bd2 Nbd7 10. cxd5 exd5 11. O-O-O Qb6 12. Qxb6 axb6 13. a4 Bb4 14. Nxg6
hxg6 15. b3 O-O-O 16. Bd3 Nf8 17. Ne2 Bxd2+ 18. Kxd2 Ne6 19. Ke1 g5 20. Kf2 g4
21. Bf5 gxf3 22. gxf3 Kc7 23. Rdg1 Rdg8 24. Bxe6 fxe6 25. Nf4 Kd6 26. Rg5 Rh6
27. h3 Nh7 28. Rg3 c5 29. Nd3 Rh4 30. Rg4 Rxg4 31. hxg4 Nf6 32. g5 Nd7 33. f4
Ke7 34. Rc1 Kd6 35. Kg3 Rh8 36. Nf2 Nb8 37. dxc5+ bxc5 38. e4 Nc6 39. e5+ Kd7
40. Rxc5 Nd4 41. a5 Nf5+ 42. Kg2 Nh4+ 43. Kf1 Rf8 44. Rb5 Kc8 45. Nd3 Ng6 46.
Rb4 Ne7 47. Kg2 Nc6 48. Ra4 Kc7 49. Nc5 Nd8 50. Rb4 Kc6 51. Nd3 Kc7 52. Rb6 g6
53. b4 Rf7 54. Kg3 Kc8 55. Nc5 Re7 56. Rd6 Kc7 57. b5 Kc8 58. b6 Re8 59. Rd7
Kb8 60. Rd6 Kc8 61. Rd7 Kb8 1-0

[Event "Lliga Catalana DH"]
[Site "?"]
[Date "2015.02.21"]
[Round "5.3"]
[White "Akbarinia, SA."]
[Black "Alonso Rosell, A."]
[Result "0-1"]
[WhiteElo "2366"]
[BlackElo "2578"]
[PlyCount "86"]
[EventDate "2015.??.??"]
[EventType "team"]

1. d4 Nf6 2. Nf3 c5 3. e3 g6 4. Be2 Bg7 5. O-O O-O 6. dxc5 Qc7 7. Qd4 Ne8 8.
Qb4 Na6 9. Bxa6 bxa6 10. Nbd2 Rb8 11. Qc4 a5 12. Nd4 Rb4 13. Qc3 Ba6 14. a3 Rb8
15. Rd1 Rc8 16. a4 Qxc5 17. Qxc5 Rxc5 18. N2b3 Rc8 19. Bd2 Nd6 20. Bxa5 Nc4 21.
Bc3 d6 22. h3 Rc7 23. Nc1 Rb8 24. Nd3 Nxb2 25. Bxb2 Bxd3 26. cxd3 Rxb2 27. Rab1
Bxd4 28. exd4 Ra2 29. Rb4 d5 30. Rb5 Rcc2 31. Rf1 e6 32. Ra5 Rc7 33. Rb1 Rcc2
34. Rf1 Rd2 35. Rxa7 Rxd3 36. a5 Rxd4 37. g4 Rda4 38. Rd7 Rxa5 39. Kg2 Ra1 40.
Rxa1 Rxa1 41. f4 Ra2+ 42. Kg3 Ra3+ 43. Kh4 Rf3 0-1

[Event "Lliga Catalana DH"]
[Site "?"]
[Date "2015.02.21"]
[Round "5.4"]
[White "Perpinya Rofes, LM."]
[Black "Dominguez Pons, E."]
[Result "0-1"]
[WhiteElo "2443"]
[BlackElo "2402"]
[PlyCount "66"]
[EventDate "2015.??.??"]
[EventType "team"]

1. e4 c5 2. Nc3 d6 3. Nge2 a6 4. d4 cxd4 5. Nxd4 Nf6 6. a4 e5 7. Nf3 h6 8. Bc4
Qc7 9. Bb3 Be6 10. O-O Be7 11. Be3 O-O 12. Nh4 Nc6 13. Qf3 Na5 14. Bxe6 fxe6
15. Ng6 Rf7 16. Qh3 Qd7 17. Rad1 Nc6 18. Rd3 Kh7 19. Nxe7 Qxe7 20. f4 exf4 21.
Bxf4 Rd8 22. Rfd1 Ne8 23. Qg3 Qf6 24. Rf3 Qe7 25. h4 Kh8 26. Rfd3 e5 27. Be3
Nf6 28. Qg6 Qf8 29. Bb6 Rdd7 30. Rg3 Ne7 31. Qxf7 Qxf7 32. Rf1 d5 33. Bc5 d4
0-1

[Event "Lliga Catalana DH"]
[Site "?"]
[Date "2015.02.21"]
[Round "5.5"]
[White "Delisau Gil, O."]
[Black "Rojas Keim, LA."]
[Result "0-1"]
[WhiteElo "2316"]
[BlackElo "2468"]
[PlyCount "114"]
[EventDate "2015.??.??"]
[EventType "team"]

1. d4 Nf6 2. c4 e6 3. Nf3 c5 4. d5 d6 5. Nc3 exd5 6. cxd5 g6 7. Bf4 a6 8. a4
Bg7 9. h3 O-O 10. e3 Qe7 11. Nd2 Nbd7 12. Nc4 Ne8 13. Be2 f5 14. O-O Rb8 15. a5
Ne5 16. Nb6 g5 17. Bh2 f4 18. exf4 gxf4 19. Nxc8 Rxc8 20. Bg4 Rc7 21. Re1 Kh8
22. Ne4 c4 23. Nd2 Qf7 24. Ne4 Qg6 25. Bh5 Qh6 26. Bxe8 Rxe8 27. Nd2 Rce7 28.
Re4 Nd3 29. Rxe7 Rxe7 30. Nxc4 Re1+ 31. Qxe1 Nxe1 32. Rxe1 Bd4 33. Re4 Qg6 34.
Nd2 Bxb2 35. Bxf4 Bc1 36. Rc4 Bxd2 37. Bxd2 Qd3 38. Rc8+ Kg7 39. Rc7+ Kg6 40.
Bf4 Qxd5 41. Rd7 Qxa5 42. Rxd6+ Kf5 43. g3 Qe1+ 44. Kg2 Qe4+ 45. Kg1 a5 46. Bh6
Ke5 47. Rb6 Qd5 48. Be3 a4 49. Rh6 Qf3 50. Rxh7 a3 51. Rh4 a2 52. Bd4+ Kd5 53.
Bh8 Qd1+ 54. Kg2 a1=Q 55. Bxa1 Qxa1 56. Rh7 b5 57. Rb7 Qa8 0-1

[Event "Lliga Catalana DH"]
[Site "?"]
[Date "2015.02.21"]
[Round "5.6"]
[White "Lorenzo de la Riva, L."]
[Black "Castelltort Fernandez, A."]
[Result "1-0"]
[WhiteElo "2428"]
[BlackElo "2365"]
[PlyCount "65"]
[EventDate "2015.??.??"]
[EventType "team"]

1. e4 c5 2. Nf3 Nc6 3. Bb5 Nf6 4. Bxc6 dxc6 5. d3 Bg4 6. h3 Bh5 7. g4 Bg6 8.
Rg1 Nd7 9. Nc3 e5 10. Be3 h5 11. Qd2 hxg4 12. hxg4 Qc7 13. Ne2 c4 14. dxc4 Bxe4
15. Ng5 Bg6 16. f4 exf4 17. Nxf4 Ne5 18. O-O-O Be7 19. Nxg6 Nxg6 20. Qf2 Ne5
21. Kb1 Bxg5 22. Bxg5 f6 23. Bf4 Rd8 24. Rde1 Rd7 25. g5 Re7 26. gxf6 gxf6 27.
Qxa7 Kf7 28. Bxe5 Rxe5 29. Rxe5 fxe5 30. a4 Rh6 31. Qa8 Rg6 32. Rh1 Rg8 33.
Rf1+ 1-0

[Event "Lliga Catalana DH"]
[Site "?"]
[Date "2015.02.21"]
[Round "5.7"]
[White "Subirats Ruiz, S."]
[Black "Colon Garcia, E."]
[Result "0-1"]
[WhiteElo "2283"]
[BlackElo "2398"]
[PlyCount "52"]
[EventDate "2015.??.??"]
[EventType "team"]

1. f4 d5 2. Nf3 Nf6 3. g3 g6 4. Bg2 Bg7 5. O-O O-O 6. d3 c5 7. Qe1 d4 8. c4 Nc6
9. h3 Re8 10. g4 e5 11. fxe5 Nxe5 12. Nxe5 Rxe5 13. Bf4 Qe7 14. Bf3 Re6 15. Nd2
Bd7 16. Bxb7 Re8 17. Qg3 Rb6 18. Bf3 Rxb2 19. g5 Nh5 20. Bxh5 gxh5 21. Ne4 Kh8
22. Nf6 h4 23. Qf3 Bxf6 24. gxf6 Qxe2 25. Rab1 Rg8+ 26. Kh1 Qxf3+ 0-1

[Event "Lliga Catalana DH"]
[Site "?"]
[Date "2015.02.21"]
[Round "5.8"]
[White "Diaz Camallonga, C."]
[Black "Castellano Egea, E."]
[Result "0-1"]
[WhiteElo "2411"]
[BlackElo "2275"]
[PlyCount "108"]
[EventDate "2015.??.??"]
[EventType "team"]

1. e4 e6 2. d4 d5 3. Nc3 Nf6 4. Bg5 Be7 5. e5 Nfd7 6. Bxe7 Qxe7 7. f4 a6 8. Nf3
c5 9. Qd2 Nc6 10. dxc5 Nxc5 11. Bd3 b5 12. O-O b4 13. Ne2 a5 14. Ned4 Nxd4 15.
Nxd4 O-O 16. Qe3 Bd7 17. Kh1 f5 18. exf6 Qxf6 19. Rae1 Rae8 20. g3 Rc8 21. Kg1
Rfe8 22. Qe5 Kh8 23. Nf3 Ne4 24. Re2 Bc6 25. Qd4 Qxd4+ 26. Nxd4 Bb7 27. Rd1 Kg8
28. Nf3 Re7 29. Ne5 Rec7 30. Kf1 Kf8 31. Ke1 Ke7 32. Nf3 h6 33. Ra1 Kf6 34. a3
b3 35. c3 g5 36. fxg5+ hxg5 37. Kf1 a4 38. Kg1 Nxc3 39. bxc3 Rxc3 40. Rf1 Rc1
41. Rfe1 Rxe1+ 42. Rxe1 Rc3 43. Ne5 b2 44. Ng4+ Ke7 45. Bb1 Rxa3 46. Re2 Rb3
47. Ne3 a3 48. Kf2 Kd6 49. Rd2 Ba6 50. Rd1 Bd3 51. Ba2 b1=Q 52. Bxb1 Rxb1 53.
Rxd3 a2 54. Nc2 Rb2 0-1

[Event "Lliga Catalana DH"]
[Site "?"]
[Date "2015.02.21"]
[Round "5.9"]
[White "Travesset Ribera, D."]
[Black "Hernando Rodrigo, JM."]
[Result "0-1"]
[WhiteElo "2273"]
[BlackElo "2371"]
[PlyCount "62"]
[EventDate "2015.??.??"]
[EventType "team"]

1. Nf3 Nf6 2. g3 c5 3. c4 Nc6 4. Bg2 g6 5. O-O Bg7 6. Nc3 O-O 7. d4 cxd4 8.
Nxd4 d6 9. Nxc6 bxc6 10. Qd2 Be6 11. b3 d5 12. cxd5 Nxd5 13. Bxd5 cxd5 14. Bb2
d4 15. Na4 Qd5 16. Rfc1 Rac8 17. Rxc8 Rxc8 18. Rc1 Rxc1+ 19. Bxc1 Bd7 20. Nb2
e5 21. Qb4 Bh3 22. Qb8+ Bf8 23. f3 Qc5 24. Bh6 d3+ 25. Kh1 dxe2 26. Nd3 Bc8 27.
Bxf8 Kxf8 28. Kg2 Qc1 29. Qd6+ Kg8 30. Kf2 Qd2 31. Qd8+ Kg7 0-1